000 01227cam a22002054a 4500
005 20250605163921.0
008 250528s ||||||||||||||||||||||||d
035 _a14388
020 _a582040132
040 _aGR-AtMCL
_bgre
_dGR-AtMCL
_eAACR2
245 1 _aMacroeconomics / An Introduction: Fourth Edition
250 _a4th
260 _bLongman,
_c1989
300 _a266
520 _aAn excellent introduction to macroeconomics for students preparing for GCE A and S levels and professional examinations in economics and related subjects. Preface, Scope and Methods, The Meaning and Measurement of National Income, The Circular Flow of Income, Output and Demand and Equilibrium, Consumption, Investment, The Determination of Equilibrium, Output and Employment, The Government Sector, Foreign Trade and National Income, Money, The Structure of Banking, The Demand for Money - Liquidity Preference, The Control of the Money Supply, The Quantity of Money and the Price Level, Output and Demand and the Price Level, Inflation, The Balance of Payments and the Rate of Exchange, Economic Growth, Managing the Economy, Incomes Policy, Index.
700 1 _aStanlake F. G
_931
942 _cBK
999 _c22
_d22